000 00414nam a2200181Ia 4500
001 18956
005 20260306171708.0
008 260306s9999||||xx |||||||||||||| ||und||
041 _aESP
082 _a658.562
_bT14
100 _aTague, Nancy R.
_eAUT
245 4 _aThe quality toolbox
260 _c2005
300 _a557 páginas :
_c25 cm.
650 _aGEN
654 _aCAN
942 _cLIB
_dJUS
_fJUS
_2ddc
_n
999 _c18956
_d18956